000 01050nam a22002657a 4500
999 _c63944
_d63944
005 20240530110707.0
008 180122s2016 ua g b 000 0 ara d
017 _a2015/13289
_bمصر. دار الكتب
020 _a9789777611015
040 _aEG-CaGPL
_cEG-CaGPL
082 0 4 _221
_a346.023 /
_bش ت
100 0 _aشامل هادى نجم العزاوى
245 1 2 _aالتزامات المتعاقد فى عقود التشييد والتشغيل ونقل الملكية BOT :
_bدراسة مقارنة /
_cشامل هادى نجم العزاوى
250 _aط. 1
260 _aالقاهرة :
_bالمركز القومى للاصدارات القانونية،
_c2016.
300 _a251 ص. ؛
_c24 سم
504 _aيشتمل على ارجاعات ببليوجرافية
650 0 7 _2qrmak
_aالعقود
650 0 7 _2qrmak
_aالالتزامات
650 0 7 _2qrmak
_aعقود النقل
650 0 7 _2qrmak
_aعقود البناء
651 _2qrmak
942 _2ddc
_cBK